000 01300nam a22002417a 4500
999 _c60443
_d60443
003 Ge_BSU
005 20230719122525.0
008 230719s2017ge xxu||||| |||| 00| 0 geo d
020 _a9789941084669
041 _ageo
080 _a311(042.4) რ-71
100 _aრობიტაშვილი, ნატალია.
_911729
245 _aსტატისტიკის თეორია :
_b(სალექციო კურსი) /
_cნატალია რობიტაშვილი, ზამირა შონია ; რედ. ნინო აბესაძე ; წინასიტყვაობა ბიკენტი გაბიძაშვილი.
264 _aთბილისი,
_c2017.
300 _a184 გვ. :
_bცხრ. ნახ. ;
_c 20 სმ.
504 _aბიბლიოგრ.: გვ. 183-184.
653 _aსტატისტიკის თეორია ლექციების კურსი.
700 _aშონია, ზამირა
_919434
700 _aაბესაძე,ნინო
_e რედაქტორი
_919435
700 _aგაბიძაშვილი, ბიკენტი
_eწინასიტყვაობა
_95072
773 _tნაჩუქარი
942 _2udc
_cBK